<?xml version="1.0" encoding="UTF-8"?><marc:collection xmlns:marc="http://www.loc.gov/MARC21/slim">
  <marc:record>
    <marc:leader>00000nam  2200000za 4500</marc:leader>
    <marc:controlfield tag="001">9.636071</marc:controlfield>
    <marc:controlfield tag="003">CaOODSP</marc:controlfield>
    <marc:controlfield tag="005">20221107134318</marc:controlfield>
    <marc:controlfield tag="007">cr |||||||||||</marc:controlfield>
    <marc:controlfield tag="008">150407s1957    oncab  #o    f001 0 fre d</marc:controlfield>
    <marc:datafield tag="040" ind1=" " ind2=" ">
      <marc:subfield code="a">CaOODSP</marc:subfield>
      <marc:subfield code="b">fre</marc:subfield>
    </marc:datafield>
    <marc:datafield tag="043" ind1=" " ind2=" ">
      <marc:subfield code="a">n-cn---</marc:subfield>
    </marc:datafield>
    <marc:datafield tag="086" ind1="1" ind2=" ">
      <marc:subfield code="a">D2-501F-PDF</marc:subfield>
    </marc:datafield>
    <marc:datafield tag="100" ind1="1" ind2=" ">
      <marc:subfield code="a">Stacey, C. P.</marc:subfield>
      <marc:subfield code="q">(Charles Perry),</marc:subfield>
      <marc:subfield code="d">1906-1989.</marc:subfield>
    </marc:datafield>
    <marc:datafield tag="245" ind1="1" ind2="0">
      <marc:subfield code="a">Histoire officielle de la participation de l'Armée canadienne à la Seconde Guerre Mondiale. </marc:subfield>
      <marc:subfield code="n">Volume I, </marc:subfield>
      <marc:subfield code="p">Six années de guerre </marc:subfield>
      <marc:subfield code="h">[ressource électronique] : </marc:subfield>
      <marc:subfield code="b">l'Armée au Canada, en Grande-Bretagne et dans le Pacifique / </marc:subfield>
      <marc:subfield code="c">par C.P. Stacey. </marc:subfield>
    </marc:datafield>
    <marc:datafield tag="260" ind1=" " ind2=" ">
      <marc:subfield code="a">[Ottawa : </marc:subfield>
      <marc:subfield code="b">Ministère de la défense nationale, Direction--Histoire et patrimoine],</marc:subfield>
      <marc:subfield code="c">1957, numerisée en 2008?</marc:subfield>
    </marc:datafield>
    <marc:datafield tag="300" ind1=" " ind2=" ">
      <marc:subfield code="a">xiii, 652 p.</marc:subfield>
      <marc:subfield code="b">ill. (certaines en couleur), cartes (certaines en couleur)</marc:subfield>
    </marc:datafield>
    <marc:datafield tag="500" ind1=" " ind2=" ">
      <marc:subfield code="a">Pour volume II, veuillez voir D2-502F-PDF. Pour volume III, veuillez voir D2-503F-PDF.</marc:subfield>
    </marc:datafield>
    <marc:datafield tag="500" ind1=" " ind2=" ">
      <marc:subfield code="a">Publ. aussi en anglais sous le titre : Official history of the Canadian Army in the Second World War. Volume I, Six years of war.</marc:subfield>
    </marc:datafield>
    <marc:datafield tag="504" ind1=" " ind2=" ">
      <marc:subfield code="a">Comprend un index et des références bibliographiques.</marc:subfield>
    </marc:datafield>
    <marc:datafield tag="520" ind1=" " ind2=" ">
      <marc:subfield code="a">« Voici le premier volume de l'histoire officielle de l'Armée canadienne pendant la seconde Grande Guerre. Le deuxième volume, qui relatera la campagne d'Italie, paraîtra prochainement. Le troisième, qui portera sur la campagne du nord-ouest de l'Europe, est en préparation. Un dernier volume contiendra un exposé des grandes lignes de la politique militaire du Canada. Cette histoire sera plus complète et mieux documentée que le précis officiel en un volume, publié en 1948 sous le titre: l'Armée canadienne de 1939 à 1945. Le présent volume traite d'un grand nombre de sujets. On y esquisse les événements d'importance militaire qui se sont déroulés au Canada pendant la guerre; on y raconte plus longuement l'histoire de l'Armée au Royaume-Uni ainsi que les raids effectués à partir de ce pays; enfin, la participation de notre Armée à la guerre contre le Japon »--Préface.</marc:subfield>
    </marc:datafield>
    <marc:datafield tag="590" ind1=" " ind2=" ">
      <marc:subfield code="a">09-05</marc:subfield>
      <marc:subfield code="b">2009-01-30</marc:subfield>
    </marc:datafield>
    <marc:datafield tag="691" ind1="0" ind2="7">
      <marc:subfield code="a">Armée</marc:subfield>
      <marc:subfield code="2">gcpds</marc:subfield>
    </marc:datafield>
    <marc:datafield tag="691" ind1="0" ind2="7">
      <marc:subfield code="a">Guerre mondiale, 1939-1945</marc:subfield>
      <marc:subfield code="2">gcpds</marc:subfield>
    </marc:datafield>
    <marc:datafield tag="691" ind1="0" ind2="7">
      <marc:subfield code="a">Histoire militaire</marc:subfield>
      <marc:subfield code="2">gcpds</marc:subfield>
    </marc:datafield>
    <marc:datafield tag="710" ind1="1" ind2=" ">
      <marc:subfield code="a">Canada. </marc:subfield>
      <marc:subfield code="b">Ministère de la défense nationale. </marc:subfield>
      <marc:subfield code="b">Direction--Histoire et patrimoine.</marc:subfield>
    </marc:datafield>
    <marc:datafield tag="775" ind1="0" ind2="8">
      <marc:subfield code="t">Official history of the Canadian Army in the Second World War. </marc:subfield>
      <marc:subfield code="w">(CaOODSP)9.691757</marc:subfield>
    </marc:datafield>
    <marc:datafield tag="856" ind1="4" ind2="0">
      <marc:subfield code="a">http://publications.gc.ca</marc:subfield>
      <marc:subfield code="q">PDF</marc:subfield>
      <marc:subfield code="s">24843 Ko</marc:subfield>
      <marc:subfield code="u">https://publications.gc.ca/collections/collection_2009/forces/D2-501F.pdf</marc:subfield>
    </marc:datafield>
  </marc:record>
</marc:collection>
